000 00841nas a2200265 4500
001 BR0902506
003 BR-BrBNA
005 20231205113403.0
007 ta
008 230509b bl.|||p| |||| 00| 00por d
040 _aBR-BrBNA
_bpor
_cBiblioteca Nacional de Agricultura
041 _a(Pt)
072 _aH10
100 1 _aJustiniano, W.
100 1 _aPereira, M.F.A.
100 1 _aAmorim, L.C. de S.
100 1 _aMaciel, C.D. de G.
245 1 _aEficiência do óleo de neem no controle do ácaro da leprose dos citros Brevipalpus phoenicis (Geijskes, 1939)
650 _aFRUTA CÍTRICA
650 _aÁCARO DA LEPROSE
650 _aNIM
773 0 _tPesquisa Agropecuaria Tropical (Brazil)
_xISSN 1517-6398
_g(Jan-Mar 2009), v. 39(1) p. 38-42
_wBR0902506
909 _a202311
_bLúcia
_c55
_dLúcia Elande
942 _2AGRIS
_n0
_cANA
999 _c203505
_d203505